Najmocniej zalesione państwa Europy - Statystyki

Ogólne statystyki
  • Ten quiz został rozwiązany 60 razy
  • Średni wynik to 14 z 16
Statystyki odpowiedzi
Procent terenów zalesionych Państwo % Poprawnych
49% Rosja
97%
72% Finlandia
95%
37% Norwegia
95%
69% Szwecja
95%
60% Łotwa
93%
39% Białoruś
91%
61% Estonia
91%
37% Francja
86%
60% Słowenia
86%
37% Hiszpania
84%
41% Słowacja
84%
47% Austria
83%
53% Bośnia
76%
45% Czarnogóra
72%
44% Macedonia Północna
71%
44% Liechtenstein
67%
Nie znaleziono quizów pasujących do podanych kryteriów
Rozkład punktacji
Procent ludzi z każdym wynikiem
Percentyl według liczby udzielonych odpowiedzi
Twoja historia wyników
Nie rozwiązałeś tego quizu